Điện tử công suất

محفوظ في:
التفاصيل البيبلوغرافية
المؤلف الرئيسي: Võ, Minh Chính
التنسيق: كتاب
اللغة:Undetermined
منشور في: Hà Nội Khoa học và Kỹ thuật 2005
الموضوعات:
الوسوم: إضافة وسم
لا توجد وسوم, كن أول من يضع وسما على هذه التسجيلة!
Thư viện lưu trữ: Trung tâm Học liệu Trường Đại học Cần Thơ
LEADER 00502nam a2200181Ia 4500
001 CTU_121909
008 210402s9999 xx 000 0 und d
082 |a 621.317 
082 |b Ch312 
100 |a Võ, Minh Chính 
245 0 |a Điện tử công suất 
245 0 |c Võ Minh Chính 
260 |a Hà Nội 
260 |b Khoa học và Kỹ thuật 
260 |c 2005 
650 |a Power electronics. 
904 |i Minh 
980 |a Trung tâm Học liệu Trường Đại học Cần Thơ